Teatro español. (Record no. 178561)

MARC details
000 -LEADER
campo de control de longitud fija 01058nam a2200277 i 4500
001 - NÚMERO DE CONTROL
campo de control 178561
003 - IDENTIFICADOR DE NÚMERO DE CONTROL
campo de control ES-MaACL
005 - FECHA Y HORA DE LA ÚLTIMA TRANSACCIÓN
campo de control 20250624062535.0
008 - DATOS DE LONGITUD FIJA--INFORMACIÓN GENERAL
campo de control de longitud fija 110607s1983 sp |||| | spa d
020 ## - NÚMERO INTERNACIONAL ESTÁNDAR DEL LIBRO
Número Internacional Estándar del Libro 84-7483-395-7
080 ## - NÚMERO DE LA CLASIFICACIÓN DECIMAL UNIVERSAL
Número de la Clasificación Decimal Universal 821.134.2-2
245 00 - MENCIÓN DEL TÍTULO
Título Teatro español.
Número de parte o sección de la obra X.
260 ## - PUBLICACIÓN, DISTRIBUCIÓN, ETC.
Lugar de publicación, distribución, etc. Madrid :
Nombre del editor, distribuidor, etc. Ministerio de Cultura, Subdirección General de Estudios y Coordinación,
Fecha de publicación, distribución, etc. D. L. 1983.
300 ## - DESCRIPCIÓN FÍSICA
Extensión 348 p. ;
Dimensiones 21 cm.
505 8# - NOTA DE CONTENIDO CON FORMATO
Nota de contenido con formato Contiene: Don Juan Tenorio / José Zorrilla. Angelina o el honor de un brigadier / Enrique Jardiel Poncela. Divinas palabras / Ramón del Valle-Inclán
650 #4 - PUNTO DE ACCESO ADICIONAL DE MATERIA--TÉRMINO DE MATERIA
Término de materia o nombre geográfico como elemento de entrada Teatro español-
Subdivisión cronológica S.XIX.
9 (RLIN) 17346
650 #4 - PUNTO DE ACCESO ADICIONAL DE MATERIA--TÉRMINO DE MATERIA
Término de materia o nombre geográfico como elemento de entrada Teatro español-
Subdivisión cronológica S.XX.
9 (RLIN) 17356
700 1# - ENTRADA AGREGADA--NOMBRE PERSONAL
Nombre de persona Zorrilla, José,
Fechas asociadas al nombre 1817-1893
9 (RLIN) 118354
700 1# - ENTRADA AGREGADA--NOMBRE PERSONAL
Nombre de persona Jardiel Poncela, Enrique.
9 (RLIN) 66113
700 1# - ENTRADA AGREGADA--NOMBRE PERSONAL
Nombre de persona Valle-Inclán, Ramón del,
Fechas asociadas al nombre 1866-1936
9 (RLIN) 112796
740 02 - ENTRADA AGREGADA--TÍTULO RELACIONADO/ANALÍTICO NO CONTROLADO
Título relacionado o analítico no controlado Don Juan Tenorio.
740 02 - ENTRADA AGREGADA--TÍTULO RELACIONADO/ANALÍTICO NO CONTROLADO
Título relacionado o analítico no controlado Angelina o el honor a un brigadier.
740 02 - ENTRADA AGREGADA--TÍTULO RELACIONADO/ANALÍTICO NO CONTROLADO
Título relacionado o analítico no controlado Divinas palabras.
852 ## - LOCALIZACIÓN
Ubicación ES-MaACL
Número de control de estantería E-15337
Encuadernación Olim P-247
Holdings
Estatus retirado Estado de pérdida Estado de daño No para préstamo Biblioteca de origen Biblioteca actual Ubicación en estantería Fecha de adquisición Fuente de adquisición Total de préstamos Signatura topográfica completa Código de barras Visto por última vez Precio de reemplazo Tipo de ítem Koha
        Biblioteca del Ateneo de Madrid Biblioteca del Ateneo de Madrid Depósito 2 07/06/2011     E-15337 1187569 23/02/2023 23/02/2023 Libro impreso